Music Quiz

Random Music or Song Quiz
Score 0/15 Timer 08:00
0 Plays Today
Song Hint Answer % Correct
#16 pop, #1 country; 1978The Gambler
77.5%
minimal country chart success; 1979, 1982, and 1984Grandma Got Run Over by a Reindeer
70%
#1 pop; 1967Ode to Billie Joe
65%
#8 pop; 1978Copacabana (At the Copa)
57.5%
#1 pop and country; 1976Convoy
55%
#60 pop, #1 country; 1974Jolene
47.5%
#1 pop; 1958Purple People Eater
47.5%
#1 country; 1978Take This Job and Shove It
45%
Song Hint Answer % Correct
#1 pop and country; 1968 Harper Valley PTA
35%
#22 pop, #1 country; 2003Beer for My Horses
35%
#3 pop, #1 country; 1980Coward of the County
35%
Album cut that runs 18:34; 1968Alice's Restaurant
32.5%
#1 pop; 1973The Night the Lights Went Out in Georgia
32.5%
#2 pop, #1 dance; 2010Bad Romance
30%
Album cut from singer’s “Goddess in Progress” EP; 1984Earth Girls Are Easy
27.5%
Come Together.
Have Fun.
All Virtual.
We all need to come together. Play Sporcle's virtual live trivia to have fun, connect with people, and get your trivia on. Join a live hosted trivia game for your favorite pub trivia experience done virtually. If a virtual private party is more your thing, go here for details.

You're not logged in!

Compare scores with friends on all Sporcle quizzes.
OR
Log In

Sporcle TV

Today on Sporcle TV


Watch our educational content, quiz creation guides, and fun videos on Sporcle TV.

Show Comments

Extras

Created Feb 9, 2016ReportNominate
Tags:Song Quiz, became

Top Quizzes Today


Score Distribution

Paid Content

Your Account Isn't Verified!

In order to create a playlist on Sporcle, you need to verify the email address you used during registration. Go to your Sporcle Settings to finish the process.

Report this User

Report this user for behavior that violates our Community Guidelines.

Details: